[Event "AUT-ch U12"]
[Site "Feldkirchen"]
[Date "1998.??.??"]
[Round "3"]
[White "Abler, Arno"]
[Black "Kainz, Markus"]
[Result "0-1"]
[WhiteElo "1200"]
[BlackElo "1621"]
[PlyCount "30"]
[EventDate "1998.05.30"]
[EventType "swiss"]
[EventRounds "7"]
[EventCountry "AUT"]
[SourceTitle "EXT 2000"]
[Source "ChessBase"]
[SourceDate "1999.11.16"]
[SourceVersion "1"]
[SourceVersionDate "1999.11.16"]
[SourceQuality "1"]

1. Nf3 d5 2. c4 dxc4 3. Na3 Nf6 4. Nxc4 Bg4 5. e3 e6 6. d4 c5 7. Be2 Nc6 8. h3 Bh5 9. 0-0 Be7 10. Qa4 0-0 11. Qc2 cxd4 12. e4 Nb4 13. Qb1 d3 14. Ng5 Bxe2 15. Re1 Nc2 0-1

[Event "AUT-ch U12"]
[Site "Feldkirchen"]
[Date "1998.??.??"]
[Round "6"]
[White "Burger, Harald"]
[Black "Abler, Arno"]
[Result "1-0"]
[WhiteElo "1456"]
[BlackElo "1200"]
[PlyCount "67"]
[EventDate "1998.05.30"]
[EventType "swiss"]
[EventRounds "7"]
[EventCountry "AUT"]
[SourceTitle "EXT 2000"]
[Source "ChessBase"]
[SourceDate "1999.11.16"]
[SourceVersion "1"]
[SourceVersionDate "1999.11.16"]
[SourceQuality "1"]

1. e4 e5 2. Nf3 Nc6 3. d4 exd4 4. Nxd4 Nxd4 5. Qxd4 c5 6. Qe5+ Qe7 7. Qxe7+ Bxe7 8. Bc4 Nf6 9. Nc3 b6 10. e5 Ng4 11. Bf4 Bb7 12. Bd5 Bxd5 13. Nxd5 Bd8 14. h3 Nh6 15. Bxh6 gxh6 16. 0-0-0 Bg5+ 17. f4 Bd8 18. Rhe1 Bh4 19. Nc7+ Ke7 20. Nxa8 Bxe1 21. Nxb6 axb6 22. Rxe1 Rg8 23. g4 f6 24. Kd2 fxe5 25. Rxe5+ Kf6 26. Rh5 Kg7 27. Rd5 Rd8 28. Kc3 Kf7 29. Kc4 Ke7 30. Rh5 Ra8 31. a3 Ra4+ 32. Kb5 Ra5+ 33. Kxb6 Ra4 34. Rxh6 1-0